Noem de landen waar met euro's betaald kan worden - Sudden Death - Statistieken

Algemene statistieken
  • Deze quiz is 45 keer genomen
  • De gemiddelde score is 8 van 20
Answers on the Grid
Answers color-coded by a green-red scale on the quiz's grid according to % correct below.
Noorwegen
Finland
Zweden
Ierland
Litouwen
Malta
Gibraltar
Liechtenstein
België
Nederland
Cyprus
Griekenland
Luxemburg
Andorra
Letland
Duitsland
Polen
Estland
Turkije
Roemenië
Frankrijk
Macedonië
Italië
Oostenrijk
Kroatië
Albanië
Portugal
Slovenië
Slowakije
Spanje
 
Antwoordstatistieken
Antwoord % Correct
België
67%
Luxemburg
67%
Nederland
61%
Finland
50%
Frankrijk
50%
Griekenland
50%
Portugal
44%
Spanje
44%
Duitsland
39%
Estland
33%
Ierland
33%
Litouwen
33%
Oostenrijk
33%
Slovenië
33%
Italië
28%
Kroatië
28%
Letland
28%
Malta
28%
Cyprus
22%
Slowakije
22%
Geen overeenkomende quizzen gevonden
Scoreverdeling
Procent van Mensen met Elke Score
Percentiel versus Aantal Correcte Antwoorden
Uw Scoregeschiedenis
U heeft deze quiz nog niet genomen